01690cam a22003015a 45000010009000000050017000090080041000260200018000670400056000850820021001411000040001622450166002022600067003683000033004355000024004685040031004925050418005236500056009416500028009976500052010256510010010776530035010877000032011227000052011549420008012069990017012149520157012311592424720151215114051.0090928s2010 enka frb 001 0 eng d a9780765620941 aDLCcDLCdYDXdYDXCPdBWXdCDXdDLCdEG-ScBUE beng04a338.927222bGRE1 aGreenwood, Daphne T.,d1949-93891910aLocal economic development in the 21st century :bquality of life and sustainability /cDaphne T. Greenwood and Richard P. F. Holt ; foreword by Thomas M. Power. aOxon ;aNew York :bRoutledge / Taylor & Francis Group,c2010. axv, 215 p. :bill. ;c24 cm. aIndex : p. 205-215. aBibliography : p. 183-203.0 aEconomic growth vs. economic development -- Traditional economic development: incentives for business -- Quality of life and the standard of living -- Environmentally sustainable development -- Human capital, opportunity, and economic development -- Sprawl, infrastructure, and sustainable development -- The effects of growth on fiscal sustainability -- Indicators and plans for sustainable economic development. 7aEconomic developmentxSocial aspects.2BUEsh913453 0aQuality of life.2BUEsh 0aSustainable developmentxSocial aspects.2BUEsh 2BUEsh bBUSECOcJuly2015cDecember20151 aHolt, Richard P. F.,d1953-1 aPower, Thomas M.,eauthor of introduction, etc. 2ddc c20254d20226 00102ddc40708BaccahaMAINbMAINc1STd2015-07-06ePurchaseg469.00h23125l2m7o338.927 GREp000039288r2025-07-15 00:00:00s2018-10-09v586.00yBB